000 00630nam a2200217Ia 4500
008 160517s9999 xx 000 0 und d
050 _aBF 683
050 _b.Es77 2016
100 _aEspedido, Kevin Albert R.
245 _aMental toughness and level of motivation of selected tennis athletes in Metro Manila /
245 _cKevin Albert R. Espedido.
260 _aLas PiƱas, Philippines :
260 _bSISC,
260 _c2016.
300 _a83 pages :
300 _billustrations ;
300 _c28 cm.
500 _aIncludes bibliographical references and appendices.
521 _aPsychology
942 _cTH
999 _c293995
_d293995